000 00384 a2200109 4500
001 ART_46898
005 20260410162031.0
008 260409a
245 1 0 _aPetroleros privados. CCT 644/2012. Neuquén, Río Negro y La Pampa. Nuevas actas acuerdo 2017/2018
100 1 _aDi Lucente, Mauro S.
773 0 _tLiquidación de sueldos
_g- N° 146 (jul. 2018)
_wREV44399
999 _c34038
_d34038